Регионална библиотека "Любен Каравелов" - Русе

Предсказание за лято (Запис номер 495803)

MARC детайли
000 -Лидер
Лидер 00900nam a2200289 a 4500
003 - Код на организацията, давaща контролен номер
Код на организацията, даваща контролен номер BLK
005 - Дата и час на последна редакция
Дата и час на последна редакция 20231108102343.0
008 - Елементи от данни с фиксирана дължина
Елементи с фиксирана дължина 180408b bul|||||r ||||||| ||bul||
020 ## - Международен стандартен номер на книга ISBN
ISBN 9549906728
040 ## - Източник на каталожния запис
Код на библиотеката BLK
041 ## - Код за език
Език Български
Език за КДБФ Български
080 ## - УДК
УДК текст Българска литература
УДК код 821.163.2
УДК – определител -1
УДК – код + определител 821.163.2-1
084 ## - Класификационен индекс по друга класификация
Авторски знак Сим - С 37
100 1# - Редна дума - Автор
Автор Симеонова, Мануела
R(LIN) 285213
245 10 - Сведения за заглавието
Заглавие Предсказание за лято
Подзаглавни данни Стихотворения
Авторска отговорност Мануела Симеонова.
257 ## - Страна на издаване
Страна на създаване/издаване България
260 ## - Област на издателските данни
Място на издаване Русе
Име на издателя б. и.
Година на издаване 2004
9 (RLIN) 441842
300 ## - Физическа характеристика
Брой страници 35 с.
Размер 20 см
380 ## - Жанр
Жанр Худож. лит.
500 ## - Общи забележки
Обща забележка Съдържа и за авт.
852 ## - Местоположение
Отдел Краезнание
Систематично-азбучна сигнатура К 821.163.2-1/С 37 М
856 4# - Електронен адрес и достъп
Електронен формат pdf - файл
856 4# - Електронен адрес и достъп
Електронен формат pdf - файл
942 ## - АРТИКУЛИ
Вид на библиотечния документ Книги
Скрит в OPAC Не
Периодичен библиозапис Да
944 ## - СЪЗДАВАНЕ И РЕДАКЦИЯ на ЗАПИСА
Дата на регистрацията/редакция 2023
Служител, извършил регистрацията/редакцията 30550
Номер на служител Кети Илиева
999 ## - СИСТЕМНИ КОНТРОЛНИ НОМЕРА
Koha biblionumber 495803
Koha biblioitemnumber 495803
Наличности
Код за отписване Код за изгубен артикул Източник на класификационната схема Код за повреда Коз за рестрикции Код за отдаване Артикулен № Име на библиотеката - собственик Име на библиотеката, в която се намира в момента Статус (Текущо местоположение) Дата на вписване в системата Местоположение - отдел Цена в лева Инвентарен номер Систематично азбучна сигнатура Баркод Цена в евро Служебен тип на артикула
  Не е изгубен Universal Decimal Classification Не е повреден само за читалня ползва се в читалня 936378 Регионална библиотека "Любен Каравелов" Русе Регионална библиотека "Любен Каравелов" Русе Краезнание 2023-11-09 Краезнание 5.00 120000895444 К 821.163.2/С 37 М 120000895444 2.56 Книги
Vip Innovations Ltd, Rousse, Bulgaria 2025